Countries with the Most Central Southernmost Points - Statistics

General Stats
  • This quiz has been taken 18 times
  • The average score is 16 of 20
Answer Stats
Latitude Continent Answer % Correct
Southern Hemisphere 04.14'S South America Colombia
94%
Northern Hemisphere 01.11'N South America Guyana
94%
Northern Hemisphere 00.40'N South America Venezuela
94%
Northern Hemisphere 01.50'N South America Suriname
89%
Northern Hemisphere 01.39'N Africa Cameroon
83%
Southern Hemisphere 00.01'S Africa São Tomé and Príncipe
83%
Southern Hemisphere 04.28'S Africa Burundi
78%
Northern Hemisphere 01.01'N Oceania Federated States of Micronesia
78%
Northern Hemisphere 00.51'N Asia Malaysia
78%
Southern Hemisphere 02.51'S Africa Rwanda
78%
Southern Hemisphere 01.40'S Africa Somalia
78%
Southern Hemisphere 01.29'S Africa Uganda
78%
Northern Hemisphere 03.24'N Africa Ethiopia
72%
Southern Hemisphere 03.59'S Africa Gabon
72%
Southern Hemisphere 00.33'S Oceania Nauru
72%
Northern Hemisphere 02.47'N Oceania Palau
72%
Northern Hemisphere 02.13'N Africa Central African Republic
67%
Southern Hemisphere 00.42'S Asia Maldives
67%
Northern Hemisphere 01.09'N Asia Singapore
67%
Southern Hemisphere 01.28'S Africa Equatorial Guinea
61%
No matching quizzes found
Score Distribution
Percent of People with Each Score
Percentile by Number Answered
Your Score History
You have not taken this quiz